|
|
|
|
| LEADER |
00000nab a2200000 a 4500 |
| 001 |
vtls001018916 |
| 003 |
SK-MaSNL |
| 005 |
20260305031002.0 |
| 008 |
040720e19990413xo 0 slo |
| 035 |
|
|
|a SN4854
|
| 040 |
|
|
|a SNSK
|b slo
|c SNSK
|e AACR2
|
| 041 |
0 |
|
|a slo
|
| 044 |
|
|
|a xo
|c SK
|
| 080 |
|
|
|a 371
|2 1981
|
| 080 |
|
|
|a 397
|2 1981
|
| 100 |
0 |
|
|a aa
|4 aut
|9 929507
|
| 245 |
1 |
0 |
|a Riešiť vzdelávanie Rómov
|b Zlá situácia škôl na Spiši
|
| 610 |
2 |
7 |
|a Okresný úrad, odbor školstva a kultúry, Spišská Nová Ves
|2 SNSK
|9 1301074
|
| 650 |
0 |
7 |
|a školstvo
|2 SNSK
|9 19712
|
| 650 |
0 |
7 |
|a peniaze na údržbu
|2 SNSK
|9 1608494
|
| 650 |
0 |
7 |
|a vzdelávanie Rómov
|2 SNSK
|9 329849
|
| 650 |
0 |
7 |
|a riešenie
|2 SNSK
|9 873862
|
| 650 |
0 |
7 |
|a články informačné
|2 SNSK
|9 1017188
|
| 651 |
|
7 |
|a Spišská Nová Ves (Slovensko : okres)
|2 SNSK
|9 22259
|
| 651 |
|
7 |
|a SN,
|2 SNSK
|9 1021277
|
| 655 |
|
7 |
|a periodikum
|2 snkbucl
|9 29553
|
| 710 |
2 |
|
|a Okresný úrad, odbor školstva a kultúry, Spišská Nová Ves
|4 aut
|9 1301074
|
| 773 |
0 |
8 |
|t Pravda
|g Roč. 9, č.84, 13.4.1999, s. 5
|
| 852 |
|
|
|a ZVYKNI
|b KIS3GCP
|
| 999 |
|
|
|c 3314031
|d 3315961
|